000 00928nas a2200289 4500
001 BR2013007832
003 BR-BrBNA
005 20231205123025.0
007 ta
008 230509b bl.|||p| |||| 00| 00por d
040 _aBR-BrBNA
_bpor
_cBiblioteca Nacional de Agricultura
041 _a(En)
072 _aQ04; Q03
100 1 _aVenturini, A.C.
100 1 _aCavenaghi, A.D.
100 1 _aCastillo, C.J.C.
100 1 _aQuiñones, E.M.
245 1 _aSensory and microbiological evaluation of uncured fresh chicken sausage with reduced fat content
650 _aLINGUIÇA
650 _aANÁLISE ORGANOLÉPTICA
650 _aGORDURA
650 _aCOR
773 0 _tCiência e Tecnologia de Alimentos (Brazil)
_xISSN 1678-457X
_g(Jul-Sep 2011), v. 31(3) p. 629-634
_wBR2013007832
856 4 0 _uhttp://www.scielo.br/pdf/cta/v31n3/a12v31n3.pdf
909 _a202311
_bLúcia
_c55
_dLúcia Elande
942 _2AGRIS
_n0
_cANA
999 _c231812
_d231812